000 00466nam a2200169Ia 4500
008 220531s9999 xx 000 0 und d
041 _amar
100 _aराजपूत एन.आर.
_946873
245 _aग्रामीण व नागरी समाजशास्‍त्र
250 _a1ST
260 _bAnshul
_c2004
300 _a124
542 _d14-07-2004
650 _aSociology
_946874
906 _d2004-2005
999 _c27553
_d27553